Storia della filosofia

Guardado en:
Detalles Bibliográficos
Autor principal: Galluppi, Pascuale (Autor)
Formato: Libro
Lenguaje:italiano
Publicado: Milán Gio. Silvestri 1847
Colección:Biblioteca Scelta di Opere Italiane Antiche e Moderne, 531
Materias:
Etiquetas: Agregar Etiqueta
Sin Etiquetas, Sea el primero en etiquetar este registro!

MARC

LEADER 00000nam a2200000 a 4500
001 UCZ8695
003 CL-VaPUC
008 960125e18470000IT |||||||||||||||||ita|d
082 0 4 |a 109  |b GAL  |2 21 
100 |a Galluppi, Pascuale  |e author  |9 354074 
245 1 0 |a Storia della filosofia 
300 |a 431 p 
942 |c BK 
945 |d 19960125 00:00:00  |a cmena 
260 |a Milán  |b Gio. Silvestri  |c 1847 
650 0 |a Historia de la filosofía  |9 256920 
650 0 |a Filosofía   |9 223554 
650 0 |a Escuelas filosóficas   |9 266232 
583 |a last modification  |c 19960125 00:00:00  |k Rodrigo Vera 
490 0 |a Biblioteca Scelta di Opere Italiane Antiche e Moderne, 531 
999 |c 244545  |d 244543 
952 |0 0  |1 0  |4 0  |6 109_000000000000000_GAL_1847  |7 0  |8 P  |9 258641  |a BIBEDU  |b BIBEDU  |c BIBEDU_PB  |d 2019-11-19  |i 1621394  |o 109 GAL 1847  |p 1621394  |r 2024-01-25  |w 2019-11-19  |y BK  |k FIL